Logo BPK

Biblioteka

Politechniki Koszalińskiej

Variational Methods in Mathematics, Science and Engineering / (Rekord nr 18320)

Szczegóły MARC
000 -ETYKIETA REKORDU
podpole kontrolne o stałej długości 00341nam a2200133 i 4500
001 - NUMER KONTROLNY REKORDU
pole kontrolne bg
040 ## - ŹRÓDŁO KATALOGOWANIA
Instytucja, która utworzyła rekord BPK
041 ## - KOD JĘZYKA
Kod języka tekstu pol
008 - POLE O STAŁEJ DŁUGOŚCI - DANE KONTROLNE
podpole kontrolne o stałej długości s pl f |000 0 pol
100 1# - NAZWA OSOBOWA
Nazwa osobowa AKTORYS, Karel
245 #0 - TYTUŁ/ODPOWIEDZIALNOŚĆ
Tytuł Variational Methods in Mathematics, Science and Engineering /
Pozostałe elementy strefy tytułu i oznaczenia odpowiedzialności Karel Aktorys.
260 ## - STREFA ADRESU WYDAWNICZEGO
Miejsce wydania Dordrecht,
Data publikacji, dystrybucji/powstania dokumentu 1977.
856 ## - LOKALIZACJA I DOSTĘP DO ELEKTRONICZNYCH DOKUMENTÓW ZDALNYCH
Link (URL) http://koha.tu.koszalin.pl/cgi-bin/koha/opac-detail.pl?biblionumber=18320
Tekst linku Katalog online BPK
942 ## - DODATKOWE ELEMENTY (KOHA)
Typ dokumentu Książka
Egzemplarze
Wycofany Status egzemplarza Uszkodzony Dostępność Lokalizacja stała Lokalizacja bieżąca Miejsce przechowywania Sygnatura Kod kreskowy Typ dokumentu
      Dostępny Biblioteka Politechniki Koszalińskiej Biblioteka Politechniki Koszalińskiej Wypożyczalnia BG 24285 01272017 Książka
© 2023 Biblioteka Politechniki Koszalińskiej :: KOHA